A surveyor's lot (Record no. 102380)

MARC details
000 -LEADER
fixed length control field 00616cam a2200193 4500
008 - FIXED-LENGTH DATA ELEMENTS--GENERAL INFORMATION
fixed length control field 020919n2000 000 0 eng u
020 ## - INTERNATIONAL STANDARD BOOK NUMBER
International Standard Book Number 0953982807
035 ## - SYSTEM CONTROL NUMBER
System control number (Sirsi) u119753
041 ## - LANGUAGE CODE
Language code of text/sound track or separate title eng.
050 ## - LIBRARY OF CONGRESS CALL NUMBER
Classification number 920
100 ## - MAIN ENTRY--PERSONAL NAME
Personal name Smallwood, J.
245 #2 - TITLE STATEMENT
Title A surveyor's lot
260 ## - PUBLICATION, DISTRIBUTION, ETC.
Place of publication, distribution, etc. Bradford
Name of publisher, distributor, etc. North Publishing
Date of publication, distribution, etc. 2000
300 ## - PHYSICAL DESCRIPTION
Extent 118p.
Dimensions 22cm.
520 ## - SUMMARY, ETC.
Summary, etc. John Smallwood tells the story of his professional life with Dacre, Son & Hartley, a well established firm of surveyors, estate agents and auctioneers in West Yorkshire.
650 ## - SUBJECT ADDED ENTRY--TOPICAL TERM
Topical term or geographic name entry element BIOGRAPHY
650 ## - SUBJECT ADDED ENTRY--TOPICAL TERM
Topical term or geographic name entry element CHARTERED SURVEYOR
942 ## - ADDED ENTRY ELEMENTS (KOHA)
Suppress in OPAC 0
Holdings
Withdrawn status Lost status Source of classification or shelving scheme Damaged status Not for loan Home library Current library Shelving location Date acquired Total Checkouts Full call number Barcode Date last seen Copy number Price effective from Koha item type
    Dewey Decimal Classification     London London Books 19/09/2002   920 SMA 30066405 06/08/2019 1 06/08/2019 Book